[Event "European Rapid 2017"]
[Site "Katowice POL"]
[Date "2017.12.17"]
[Round "8.73"]
[White "Rawicz, Karol"]
[Black "Ustianovich, Nazar"]
[Result "0-1"]
[WhiteTitle "FM"]
[BlackTitle "FM"]
[WhiteElo "2164"]
[BlackElo "2366"]
[WhiteFideId "1141791"]
[BlackFideId "14109778"]
[EventDate "2017.12.16"]

1. d4 d5 2. Nf3 Nf6 3. c4 c6 4. Nc3 dxc4 5. a4 Bf5 6. e3 e6 7. Bxc4 Bb4 8. O-O
Nbd7 9. Qe2 O-O 10. e4 Bg6 11. e5 Nd5 12. Nxd5 cxd5 13. Bd3 Be7 14. Bxg6 hxg6
15. Bd2 Nb8 16. a5 a6 17. b4 Nc6 18. Rfb1 Na7 19. Rb3 Rc8 20. h4 Nb5 21. Bg5 Rc4
22. Qe3 Bxg5 23. hxg5 Qc7 24. g3 Rc8 25. Rd3 Rc1+ 26. Rd1 Rxa1 27. Rxa1 Qc3 28.
Rb1 Rc4 29. Kg2 Qxe3 30. fxe3 Rc3 31. Kf2 Rc2+ 32. Kf1 Nc3 33. Rb3 Ne4 34. g4
Rf2+ 0-1

[Event "European Rapid 2017"]
[Site "Katowice POL"]
[Date "2017.12.17"]
[Round "8.74"]
[White "Nestorenko, Dmitry"]
[Black "Krause, Jonah"]
[Result "1-0"]
[BlackTitle "FM"]
[WhiteElo "2253"]
[BlackElo "2368"]
[WhiteFideId "14129728"]
[BlackFideId "12907910"]
[EventDate "2017.12.16"]

1. e4 c5 2. c3 Nf6 3. e5 Nd5 4. d4 cxd4 5. Nf3 d6 6. cxd4 e6 7. exd6 Qxd6 8. Nc3
Nxc3 9. bxc3 Be7 10. Bd3 O-O 11. O-O b6 12. Ng5 Bxg5 13. Bxg5 h6 14. Be3 Bb7 15.
Qd2 e5 16. f3 Nd7 17. dxe5 Qxe5 18. Bd4 Qd6 19. Rad1 Nc5 20. Bb1 f5 21. Qc2 Qc6
22. Rfe1 Rae8 23. Rxe8 Qxe8 24. Bxc5 bxc5 25. Qb3+ Qf7 26. Rd7 Qxb3 27. axb3 Bc8
28. Rxa7 Be6 29. Bd3 Rb8 30. Rc7 f4 31. Rc6 Kf7 32. h3 Rxb3 33. Rxe6 Rxc3 34.
Rd6 Ke7 35. Rd5 Ke6 36. Be4 c4 37. Rc5 Kd6 38. Rc6+ Ke5 39. Kf2 Rc1 40. Ke2 c3
41. Rc4 Kf6 42. Kd3 Rg1 43. Rc6+ Kf7 44. Bd5+ Kf8 45. Rxc3 Rxg2 46. Ke4 Rh2 47.
Be6 Ke7 48. Bg4 g5 49. Kf5 Ra2 50. Rc7+ Kf8 51. Kf6 1-0

[Event "European Rapid 2017"]
[Site "Katowice POL"]
[Date "2017.12.17"]
[Round "8.75"]
[White "Kashlinskaya, Alina"]
[Black "Kowalczyk, Mariusz"]
[Result "1-0"]
[WhiteTitle "IM"]
[WhiteElo "2452"]
[BlackElo "2038"]
[WhiteFideId "4198026"]
[BlackFideId "1126202"]
[EventDate "2017.12.16"]

1. e4 e5 2. Nf3 Nc6 3. Bc4 Bc5 4. c3 Nf6 5. d4 exd4 6. e5 d5 7. Be2 Ne4 8. cxd4
Bb4+ 9. Nbd2 f6 10. O-O Nxd2 11. Bxd2 Bxd2 12. Qxd2 O-O 13. Rac1 Bg4 14. Rc5 Ne7
15. Re1 c6 16. Rc3 Ng6 17. Nh4 Nxh4 18. Bxg4 f5 19. Bd1 f4 20. Bg4 Qg5 21. f3 h5
22. Be6+ Kh8 23. b4 Qe7 24. Qf2 g5 25. Bh3 Qxb4 26. Rb3 Qe7 27. e6 Rg8 28. Qe2
Raf8 29. Qe5+ Kh7 30. Reb1 Rb8 31. Bf5+ Kh6 32. Bc2 Rge8 33. Rxb7 1-0

[Event "European Rapid 2017"]
[Site "Katowice POL"]
[Date "2017.12.17"]
[Round "8.76"]
[White "Kusiak, Matej"]
[Black "Walther, Cliff"]
[Result "1-0"]
[WhiteElo "2280"]
[BlackElo "2162"]
[WhiteFideId "14911213"]
[BlackFideId "4616693"]
[EventDate "2017.12.16"]

1. e4 c5 2. Nf3 Nc6 3. d4 cxd4 4. Nxd4 e5 5. Nb5 a6 6. Nd6+ Bxd6 7. Qxd6 Qf6 8.
Qxf6 Nxf6 9. Nc3 d5 10. exd5 Nb4 11. Bd3 O-O 12. O-O Nxd3 13. cxd3 Bf5 14. Rd1
h6 15. d4 e4 16. Bf4 Rfd8 17. d6 Nh5 18. Be3 Rxd6 19. Na4 g5 20. d5 Nf4 21. Bxf4
gxf4 22. Nc3 Re8 23. f3 e3 24. Rd4 b5 25. Rxf4 Bc2 26. Re1 Kg7 27. Rd4 f5 28.
Re2 b4 29. Rxb4 Bd3 30. Re1 Kf6 31. Rd4 Bb5 32. f4 1-0

[Event "European Rapid 2017"]
[Site "Katowice POL"]
[Date "2017.12.17"]
[Round "8.77"]
[White "Brzezinski, Mateusz"]
[Black "Zawadzka, Jolanta"]
[Result "1-0"]
[BlackTitle "WGM"]
[WhiteElo "2164"]
[BlackElo "2424"]
[WhiteFideId "1177117"]
[BlackFideId "1122320"]
[EventDate "2017.12.16"]

1. d4 d5 2. Bf4 Nf6 3. Nf3 c5 4. e3 Nc6 5. c3 Qb6 6. Qb3 c4 7. Qxb6 axb6 8. Nbd2
b5 9. Be2 h6 10. h3 Bf5 11. O-O b4 12. Ne5 e6 13. Nxc6 bxc6 14. f3 bxc3 15. bxc3
Ba3 16. e4 Bh7 17. Bxc4 dxc4 18. Nxc4 Ke7 19. Rfb1 Ra7 20. Rb3 Rha8 21. Rxa3
Rxa3 22. Bd6+ Kd8 23. Bxa3 Nd7 24. Bc1 Ra4 25. Nb2 Ra3 26. Nd1 Ra4 27. Ne3 c5
28. Bb2 f5 29. exf5 exf5 30. a3 g5 31. Rd1 Kc7 32. dxc5 Nxc5 33. Nd5+ Kc6 34.
Nb4+ Kc7 35. c4 Nd7 36. Rd5 Ra8 37. Bg7 Rxa3 38. Bxh6 g4 39. hxg4 fxg4 40. Bf4+
Kc8 41. Rh5 Bg6 42. Rg5 Bb1 43. c5 gxf3 44. Rg8+ Kb7 45. c6+ Kb6 46. cxd7 1-0

[Event "European Rapid 2017"]
[Site "Katowice POL"]
[Date "2017.12.17"]
[Round "8.78"]
[White "Costachi, Mihnea"]
[Black "Jurkiewicz, Krzysztof"]
[Result "1-0"]
[WhiteTitle "IM"]
[WhiteElo "2441"]
[BlackElo "2040"]
[WhiteFideId "1217518"]
[BlackFideId "1103270"]
[EventDate "2017.12.16"]

1. d4 Nf6 2. c4 g6 3. Nc3 Bg7 4. e4 d6 5. Be2 O-O 6. Bg5 c5 7. d5 b5 8. cxb5 a6
9. a4 h6 10. Bf4 Kh7 11. Nf3 Nh5 12. Be3 f5 13. exf5 Bxf5 14. Nh4 Nf6 15. Nxf5
gxf5 16. O-O Qd7 17. a5 axb5 18. Bxb5 Qb7 19. a6 Nxa6 20. Bc6 Qxb2 21. Bxa8 Rxa8
22. Qd3 Kg6 23. Rab1 Qa3 24. Bc1 Qa5 25. Ne2 Nb4 26. Nf4+ Kf7 27. Qxf5 Qa2 28.
Qg6+ Kg8 29. Ne6 Ne8 30. Nxg7 1-0

[Event "European Rapid 2017"]
[Site "Katowice POL"]
[Date "2017.12.17"]
[Round "8.79"]
[White "Kindler, Przemyslaw"]
[Black "Tomczak, Mikolaj"]
[Result "0-1"]
[BlackTitle "FM"]
[WhiteElo "2058"]
[BlackElo "2372"]
[WhiteFideId "1159542"]
[BlackFideId "1175114"]
[EventDate "2017.12.16"]

1. e4 c5 2. Nf3 e6 3. d4 cxd4 4. Nxd4 Nf6 5. f3 Nc6 6. c4 Bc5 7. Nb3 Bb6 8. Bf4
d5 9. c5 Bxc5 10. Nxc5 Qa5+ 11. Nc3 Qxc5 12. Nb5 e5 13. Nc7+ Kd8 14. Nxa8 exf4
15. Be2 Be6 16. Rc1 Qb4+ 17. Kf1 Kd7 18. exd5 Nxd5 19. Bc4 Qd6 20. Bxd5 Bxd5 21.
Kf2 Rxa8 22. Re1 Rd8 23. Qa4 Qb4 24. Qxb4 Nxb4 25. Red1 Kd6 26. Rd4 Nc6 27. Rxf4
Bxa2 28. b4 a6 29. Rc2 Be6 30. Rb2 Ke7 31. Re4 Rd4 32. b5 axb5 33. Rxb5 Rd7 34.
h4 h6 35. g4 Kd8 36. Re1 Kc8 37. Ra1 Bd5 38. f4 Kc7 39. Rd1 Ne7 40. Rb4 Bc6 41.
Re1 Rd2+ 42. Re2 Rxe2+ 43. Kxe2 Nd5 44. Rd4 Kd6 45. Kd3 b5 46. f5 Kc5 47. g5 h5
48. Ke4 Ne7+ 49. Kd3 Nxf5 50. Rf4 g6 51. Kc3 Bd5 0-1

[Event "European Rapid 2017"]
[Site "Katowice POL"]
[Date "2017.12.17"]
[Round "8.80"]
[White "Reichmann, Hendrik"]
[Black "Sanz Losada, Victoriano"]
[Result "1-0"]
[WhiteTitle "FM"]
[BlackTitle "CM"]
[WhiteElo "2337"]
[BlackElo "2050"]
[WhiteFideId "4647823"]
[BlackFideId "2202808"]
[EventDate "2017.12.16"]

1. d4 Nf6 2. Bf4 g6 3. e3 Bg7 4. Nf3 d6 5. h3 O-O 6. Be2 Nc6 7. O-O Nd7 8. Nc3
e5 9. Bg5 f6 10. Bh4 Nb6 11. a4 a5 12. dxe5 dxe5 13. Qxd8 Nxd8 14. Rfd1 g5 15.
Bg3 Bf5 16. Ne1 c6 17. f4 Nf7 18. e4 Be6 19. Bf2 Bc4 20. Bxb6 Be6 21. Bf2 Bc8 1-0

[Event "European Rapid 2017"]
[Site "Katowice POL"]
[Date "2017.12.17"]
[Round "8.81"]
[White "Widla, Piotr"]
[Black "Putka, Verners"]
[Result "0-1"]
[WhiteElo "2046"]
[BlackElo "2307"]
[WhiteFideId "1132164"]
[BlackFideId "11600659"]
[EventDate "2017.12.16"]

1. e4 e5 2. Nf3 Nf6 3. d4 exd4 4. Bc4 Nc6 5. e5 d5 6. Bb5 Ne4 7. Nxd4 Bd7 8.
Bxc6 bxc6 9. O-O Bc5 10. Be3 Bb6 11. Nd2 Nc5 12. N2b3 Qe7 13. Nxc5 Bxc5 14. e6
fxe6 15. Qh5+ g6 16. Qh6 O-O-O 17. Bg5 Qf8 18. Qh4 Re8 19. Nb3 e5 20. Qa4 Bb6
21. Qa6+ Kb8 22. a4 Bc8 23. Qe2 Qf5 24. Be3 Qg4 25. Qd2 Ba6 26. Rfe1 Rhf8 27. a5
Bxe3 28. Rxe3 d4 29. Qb4+ Ka8 30. Rg3 Qe4 31. Nc5 Qxc2 32. h3 Rb8 33. Qa3 Bc8
34. a6 Rxf2 35. Nd3 Rd2 36. Kh2 e4 37. Rc1 Qb3 38. Qc5 Qd5 39. Qxd5 cxd5 40. Nf4
Bxa6 41. Rxc7 e3 42. Rxh7 Bb7 43. Ne6 Rc8 44. Rxg6 e2 45. Rgg7 e1=Q 0-1

[Event "European Rapid 2017"]
[Site "Katowice POL"]
[Date "2017.12.17"]
[Round "8.83"]
[White "Leniart, Arkadiusz"]
[Black "Babanin, Gleb"]
[Result "1-0"]
[WhiteTitle "IM"]
[WhiteElo "2502"]
[BlackElo "2094"]
[WhiteFideId "1124226"]
[BlackFideId "34152536"]
[EventDate "2017.12.16"]

1. d4 Nf6 2. c4 e6 3. Nc3 Bb4 4. e3 O-O 5. Bd3 c5 6. a3 Bxc3+ 7. bxc3 d5 8. cxd5
exd5 9. Ne2 Qc7 10. O-O b6 11. Ng3 Bb7 12. f3 cxd4 13. cxd4 Nbd7 14. Bb2 Rfe8
15. Re1 Rad8 16. Qb3 Qb8 17. a4 Ba8 18. Rad1 Nf8 19. e4 dxe4 20. fxe4 Ne6 21.
Bb1 Qf4 22. d5 Nc5 23. Qc2 Rc8 24. Bxf6 Qxf6 25. e5 Qh4 26. Nf5 Qh5 27. Nd6 Rcd8
28. Nxe8 Rxe8 29. Qf5 Qh6 30. e6 f6 31. d6 1-0

[Event "European Rapid 2017"]
[Site "Katowice POL"]
[Date "2017.12.17"]
[Round "8.84"]
[White "Gazik, Igor"]
[Black "Koziol, Kamil"]
[Result "1-0"]
[WhiteTitle "IM"]
[BlackTitle "FM"]
[WhiteElo "2257"]
[BlackElo "2305"]
[WhiteFideId "14900149"]
[BlackFideId "1161555"]
[EventDate "2017.12.16"]

1. d4 d5 2. Nf3 Nf6 3. e3 e6 4. Nbd2 c5 5. c3 Nc6 6. Bd3 Bd6 7. O-O O-O 8. Qe2
Qc7 9. dxc5 Bxc5 10. e4 b6 11. e5 Ng4 12. Bxh7+ Kxh7 13. Ng5+ Kg8 14. Qxg4 Qxe5
15. Ndf3 Qf6 16. Qh4 Qg6 17. Re1 e5 18. b4 e4 19. bxc5 exf3 20. Nxf3 bxc5 21.
Ba3 Bf5 22. Bxc5 Rfe8 23. Nd4 Nxd4 24. Bxd4 Re4 25. Rxe4 Bxe4 26. Qh3 Bb1 27.
Qd7 Be4 28. Qh3 Bb1 29. Qg3 Qxg3 30. hxg3 Bd3 31. Re1 Bc4 32. a3 a6 33. Rb1 Re8
34. Be3 Bb5 35. Rd1 Bc4 36. Rb1 Bb5 37. Rb4 Rc8 38. Bd4 Rc4 39. Rb1 f6 40. g4
Kf7 41. Kh2 Ra4 42. Ra1 Bc4 43. Kg3 Ra5 44. a4 Bb5 45. c4 Rxa4 46. cxb5 Rxa1 1-0

[Event "European Rapid 2017"]
[Site "Katowice POL"]
[Date "2017.12.17"]
[Round "8.85"]
[White "Psyk, Radoslaw"]
[Black "Berg, Klaus"]
[Result "0-1"]
[BlackTitle "IM"]
[WhiteElo "2222"]
[BlackElo "2323"]
[WhiteFideId "1182838"]
[BlackFideId "1400053"]
[EventDate "2017.12.16"]

1. e4 c6 2. d4 d5 3. Nc3 dxe4 4. Nxe4 Bf5 5. Ng3 Bg6 6. Nf3 Nf6 7. Bd3 e6 8. O-O
Nbd7 9. c3 Bd6 10. Re1 O-O 11. Bxg6 hxg6 12. b3 Re8 13. Ne5 c5 14. Nxd7 Qxd7 15.
Be3 Qc6 16. c4 Bxg3 17. hxg3 Rad8 18. Qd3 cxd4 19. Bf4 Nd7 20. Bg5 f6 21. Bc1
Ne5 22. Qd2 Qc5 23. Bb2 Nc6 24. Rad1 e5 25. Qd3 f5 26. g4 e4 27. Qh3 a5 28. Bc1
Ne5 29. gxf5 gxf5 30. Bg5 Rd6 31. Qh5 g6 32. Qh4 Rd7 33. Bf6 Rh7 34. Qg3 Kf7 35.
Bxe5 Rxe5 36. a3 Re8 37. b4 Reh8 38. f3 Rh1+ 39. Kf2 e3+ 40. Rxe3 dxe3+ 41. Ke2
Rxd1 42. bxc5 Rhd8 43. Kxe3 R8d4 44. Qc7+ Kf6 45. Qb6+ Kg5 46. f4+ Rxf4 47. Qxb7
Rfd4 48. Qe7+ Kg4 49. Qf6 f4+ 50. Ke2 0-1

[Event "European Rapid 2017"]
[Site "Katowice POL"]
[Date "2017.12.17"]
[Round "8.86"]
[White "Krumina, Linda"]
[Black "Hansen, Mads Smith"]
[Result "0-1"]
[WhiteTitle "WFM"]
[WhiteElo "2134"]
[BlackElo "2347"]
[WhiteFideId "11601701"]
[BlackFideId "1400258"]
[EventDate "2017.12.16"]

1. d4 Nf6 2. c4 d6 3. Nc3 Nbd7 4. e4 e5 5. d5 Be7 6. Be2 O-O 7. Be3 c6 8. dxc6
bxc6 9. Qc2 Qc7 10. Rd1 a5 11. h3 Rb8 12. Nf3 Nc5 13. O-O Re8 14. b3 Bd7 15. Rd2
Red8 16. Rfd1 Be8 17. g3 Bd7 18. Bf1 Be6 19. Bg2 h6 20. Nh4 Bf8 21. Nf5 Kh7 22.
g4 g6 23. Ng3 Nfd7 24. Nce2 Be7 25. f4 exf4 26. Bxf4 Ne5 27. Nd4 Bg5 28. Bxg5
hxg5 29. Rf2 a4 30. Qc3 axb3 31. axb3 Rd7 32. Nxe6 Nxe6 33. Kh1 Qb6 34. Rb1 Qxf2 0-1

[Event "European Rapid 2017"]
[Site "Katowice POL"]
[Date "2017.12.17"]
[Round "8.87"]
[White "Morkisz, Bogdan"]
[Black "Natsidis, Christoph"]
[Result "1-0"]
[BlackTitle "FM"]
[WhiteElo "2023"]
[BlackElo "2345"]
[WhiteFideId "1103610"]
[BlackFideId "24601179"]
[EventDate "2017.12.16"]

1. e4 c5 2. Nc3 Nc6 3. g3 g6 4. Bg2 Bg7 5. d3 e6 6. Be3 d6 7. Qd2 Rb8 8. Nh3 Nd4
9. Nd1 Ne7 10. c3 Ndc6 11. Bh6 O-O 12. Bxg7 Kxg7 13. O-O e5 14. f4 f6 15. Ne3
Be6 16. Nd5 Bg8 17. Nf2 b5 18. Ng4 Nxd5 19. exd5 Ne7 20. fxe5 fxe5 21. Rxf8 Qxf8
22. Rf1 Qd8 23. c4 bxc4 24. dxc4 Kh8 25. Nh6 Kg7 26. h4 Nc8 27. Bh3 Rb7 28. Bxc8
Qxc8 29. Qg5 Kh8 30. Qf6+ Rg7 31. Qxd6 Qe8 32. Rf8 Qa4 33. Rxg8+ Rxg8 34. Qf6+ 1-0

[Event "European Rapid 2017"]
[Site "Katowice POL"]
[Date "2017.12.17"]
[Round "8.88"]
[White "Wyczling, Bartosz"]
[Black "Orndahl, Markus"]
[Result "0-1"]
[WhiteElo "2103"]
[BlackElo "2182"]
[WhiteFideId "1169920"]
[BlackFideId "1709135"]
[EventDate "2017.12.16"]

1. d4 Nf6 2. c4 c5 3. d5 b5 4. cxb5 a6 5. b6 d6 6. Nc3 g6 7. e4 Qxb6 8. Nf3 Nbd7
9. Nd2 Qc7 10. a4 Bg7 11. Be2 O-O 12. O-O Bb7 13. a5 e6 14. Nc4 exd5 15. exd5
Ne8 16. Na4 Ne5 17. Nab6 Rb8 18. Ra3 Nxc4 19. Bxc4 Nf6 20. Qd3 Nd7 21. Rb3 Ne5
22. Qe2 Nxc4 23. Qxc4 Rfe8 24. Rh3 Bc8 25. Rf3 f5 26. b4 Re4 27. Qd3 c4 28. Qc2
c3 29. Bb2 Bd7 30. Bxc3 Bb5 31. Rb1 Re2 32. Qb3 Rbe8 33. h3 Bh6 34. Bd4 Qc2 35.
Qxc2 Rxc2 36. Be3 Bg7 37. Bf4 Be5 38. Bg3 Be2 39. Re3 Bb5 40. Rbe1 f4 41. Bxf4
Bxf4 42. Rxe8+ Kf7 43. R8e7+ Kg8 44. R7e4 Be5 45. Rxe5 dxe5 46. Rxe5 Rc1+ 47.
Kh2 Rd1 48. Re7 h5 49. Re6 Kf7 50. Re3 Rd4 51. Rf3+ Ke7 52. Rg3 Kf6 53. Rf3+ Ke7
54. Re3+ Kf6 55. Rb3 h4 56. Rb2 g5 57. f3 Ke5 58. Kg1 Kf4 59. Kf2 Rd1 60. Rc2
Rf1# 0-1

[Event "European Rapid 2017"]
[Site "Katowice POL"]
[Date "2017.12.17"]
[Round "8.89"]
[White "Gonsior, Monika"]
[Black "Mazurkiewicz, Michal"]
[Result "0-1"]
[WhiteElo "2004"]
[BlackElo "2215"]
[WhiteFideId "1110276"]
[BlackFideId "1124943"]
[EventDate "2017.12.16"]

1. e4 d6 2. d4 Nf6 3. Bd3 e5 4. Ne2 Be7 5. O-O O-O 6. f4 c6 7. Kh1 Bg4 8. Be3
Qb6 9. dxe5 Qxe3 10. exf6 Bxf6 11. Qd2 Qxd2 12. Nxd2 b5 13. c3 Nd7 14. h3 Bxe2
15. Bxe2 Nc5 16. Rad1 Rad8 17. Rf3 Rfe8 18. Re3 Na4 19. Rb1 d5 20. e5 d4 21.
cxd4 Rxd4 22. Ne4 Bd8 23. Bf3 Nb6 24. g3 Nc4 25. Re2 Rd3 26. Rf1 Bb6 27. Nc3 Ne3
28. Rfe1 Nf5 29. Kg2 Red8 30. Be4 Ne3+ 31. Kh1 Rd2 32. Bxc6 Nf5 33. Ne4 Rxe2 34.
Rxe2 Nd4 35. Re1 Nxc6 36. Nd6 Nd4 37. Kg2 Bc5 38. Ne4 Bb6 39. Nd6 Kf8 40. Rc1
Ke7 41. a4 b4 42. Rc4 Ke6 43. Ne4 Kd5 44. Nd2 Nb3 45. Rc2 Nxd2 46. Rxd2+ Kc4 47.
Re2 Kb3 48. a5 Bxa5 49. f5 Bb6 50. g4 Rc8 51. e6 fxe6 52. fxe6 Bd4 53. Rd2 Bxb2
54. e7 Re8 0-1

[Event "European Rapid 2017"]
[Site "Katowice POL"]
[Date "2017.12.17"]
[Round "8.90"]
[White "Wozniak, Mariola"]
[Black "Bednarek, Sylwester"]
[Result "0-1"]
[WhiteTitle "WIM"]
[BlackTitle "FM"]
[WhiteElo "2170"]
[BlackElo "2307"]
[WhiteFideId "1152050"]
[BlackFideId "1101811"]
[EventDate "2017.12.16"]

1. e4 e6 2. d4 d5 3. Nc3 Bb4 4. e5 c5 5. a3 Bxc3+ 6. bxc3 Qa5 7. Bd2 Qa4 8. Qb1
c4 9. Nf3 Nc6 10. Be2 Bd7 11. O-O O-O-O 12. Ra2 f6 13. exf6 gxf6 14. Bf4 Nge7
15. Rb2 b6 16. Qa2 Ng6 17. Bd6 Be8 18. Bg3 h5 19. h3 h4 20. Bh2 Qa5 21. Bxc4
dxc4 22. Qxc4 Rd5 23. Rfb1 Rhh5 24. Rb4 Bd7 25. Ra4 b5 26. Qxc6+ Bxc6 27. Rxa5
Rdf5 28. Rxa7 Bxf3 29. gxf3 Rhg5+ 30. Kf1 Rxf3 31. Rc7+ Kd8 32. Rc5 Rxc5 33.
dxc5 e5 34. Kg2 Rxc3 35. Rxb5 Kc7 36. a4 Ne7 37. Rb6 Nc6 38. Rb5 Rxc2 39. a5 Ra2
40. Rb3 f5 41. Re3 f4 42. Rd3 Rxa5 43. Rd6 Rxc5 44. Rh6 Rc3 45. Rxh4 Kd6 46.
Rh6+ Kd5 47. h4 Nd4 48. Rf6 Ke4 49. h5 Rc7 50. h6 Rh7 51. Bg1 Nf3 52. Bh2 Rh8
53. Bg1 Rg8+ 54. Kh3 Rxg1 55. h7 Rh1+ 56. Kg4 Rh4# 0-1

[Event "European Rapid 2017"]
[Site "Katowice POL"]
[Date "2017.12.17"]
[Round "8.91"]
[White "Slipchuk, Evgeniy"]
[Black "Dudzinski, Pawel"]
[Result "1/2-1/2"]
[BlackTitle "FM"]
[WhiteElo "2013"]
[BlackElo "2241"]
[WhiteFideId "14140730"]
[BlackFideId "1117890"]
[EventDate "2017.12.16"]

1. d4 f5 2. c4 Nf6 3. g3 g6 4. Bg2 Bg7 5. Nc3 d6 6. Nf3 O-O 7. O-O Qe8 8. d5 a5
9. Bf4 Na6 10. Qc1 Bd7 11. Bh6 Nc5 12. Bxg7 Kxg7 13. e3 c6 14. Nd4 cxd5 15. Nxd5
Nxd5 16. Bxd5 e6 17. Bg2 e5 18. Nb3 Bc6 19. Nxc5 Bxg2 20. Kxg2 Qc6+ 21. Kg1 dxc5
22. Qc3 Qc7 23. Rad1 Rad8 24. Rd5 Rxd5 25. cxd5 b6 26. Rd1 Qd6 27. Qc4 e4 28. a3
h5 29. h4 Rd8 30. Kg2 Kf6 31. Qb5 Ke7 32. Rc1 Rc8 1/2-1/2

[Event "European Rapid 2017"]
[Site "Katowice POL"]
[Date "2017.12.17"]
[Round "8.92"]
[White "Kot, Jerzy"]
[Black "Klabis, Rokas"]
[Result "0-1"]
[WhiteTitle "FM"]
[BlackTitle "FM"]
[WhiteElo "2072"]
[BlackElo "2366"]
[WhiteFideId "1101595"]
[BlackFideId "12805246"]
[EventDate "2017.12.16"]

1. g3 Nf6 2. Bg2 g6 3. e4 d6 4. d4 Nbd7 5. Ne2 Bg7 6. O-O O-O 7. c4 c6 8. Nbc3
Rb8 9. a4 e5 10. h3 Qc7 11. Be3 Re8 12. dxe5 Nxe5 13. b3 b6 14. f4 Ned7 15. Qd2
Nc5 16. Qc2 Ncxe4 17. Nxe4 Nxe4 18. Bxe4 Bxa1 19. Rxa1 f5 20. Bd4 Rxe4 21. Bb2
Qe7 22. Kf2 Bb7 23. Rd1 Re8 24. Rd2 c5 25. Ng1 Rxf4+ 26. gxf4 Qe1# 0-1

[Event "European Rapid 2017"]
[Site "Katowice POL"]
[Date "2017.12.17"]
[Round "8.93"]
[White "Malyovanyi, Yulian"]
[Black "Tymrakiewicz, Rafal"]
[Result "1/2-1/2"]
[BlackTitle "FM"]
[WhiteElo "1923"]
[BlackElo "2272"]
[WhiteFideId "14171198"]
[BlackFideId "1108832"]
[EventDate "2017.12.16"]

1. e4 c6 2. d4 d5 3. Nc3 dxe4 4. Nxe4 Nf6 5. Nxf6+ gxf6 6. c3 Qd5 7. c4 Qe4+ 8.
Be3 e5 9. Qd3 Bb4+ 10. Kd1 Qg4+ 11. f3 Qg6 12. Qxg6 hxg6 13. dxe5 fxe5 14. Bd3
Be6 15. Kc2 Na6 16. Ne2 O-O-O 17. Rad1 Bc5 18. Bd2 Nb4+ 19. Bxb4 Bxb4 20. b3 Kc7
21. h3 Rd7 22. Be4 Rxd1 23. Rxd1 f5 24. Bd3 Rd8 25. Nc3 Be7 26. Be2 Rh8 27. Bf1
a6 28. a4 a5 29. Re1 Bf6 30. Na2 Rd8 31. Nc3 Bf7 32. Rd1 Re8 33. Re1 Bh4 34. Rd1
Bf2 35. Bd3 Bd4 36. Ne2 Bc5 37. Nc3 Bb4 38. Rf1 Kd6 39. Na2 Bc5 40. Nc3 Ke6 41.
Rh1 Rh8 42. Rd1 Kf6 43. Rf1 Kg5 44. Ne2 Kf6 45. Nc3 Rd8 46. f4 exf4 47. Rxf4 Kg5
48. Rf3 Re8 49. Rg3+ Kh6 50. Rf3 Be6 51. Ne2 Bd7 52. Kd2 Re5 53. Ng3 Kg5 54. Ne2
Bc8 55. Rg3+ Kh6 56. h4 Bb4+ 57. Kc2 Be1 58. Rh3 Bf2 59. Rh1 Bc5 60. Nf4 Be3 61.
Ne2 Kh5 62. Kd1 f4 63. Rf1 Bg4 64. Kc2 g5 65. hxg5 Kxg5 66. Nc3 Bf5 67. Bxf5
Kxf5 68. g3 Kg4 69. gxf4 Bxf4 70. Rg1+ Bg3 71. Rf1 Re7 72. Kd3 Rd7+ 73. Kc2 Bf4
74. Rg1+ Kf5 75. Rg2 Be3 76. Nd1 Bd4 77. Rd2 c5 78. Nc3 Rh7 79. Ne2 Be5 80. Nc3
Rh3 81. Nd5 Bd4 82. Re2 Rg3 83. Ne7+ Kf4 84. Nd5+ Kf3 85. Rd2 Rg1 86. Rd1 Rg2+
87. Rd2 Rg7 88. Rd3+ Ke4 89. Rd2 Kf5 90. Rd1 Rg2+ 91. Rd2 Rg3 92. Rd3 Rg7 93.
Rd2 Rh7 94. Rd3 Rh1 95. Rd1 Rh2+ 96. Rd2 Rh3 97. Rd3 Rh8 98. Rd1 Rh2+ 99. Rd2
Rh6 100. Rd1 Rh8 101. Rd3 Ke4 102. Nc3+ Bxc3 103. Kxc3 Rf8 104. Rd5 b6 105. Rd6
Rb8 106. Rd5 Rb7 107. Rd6 Ke5 108. Rd5+ Ke6 109. Kc2 Rh7 110. Kc3 Rh4 111. Kc2
Rh2+ 112. Kc3 Rh3+ 113. Kc2 Rh2+ 114. Kc3 Rh4 115. Rd8 Rh6 116. Kc2 Ke5 117.
Rd5+ Ke4 118. Kc3 Rf6 119. Rd8 Ke5 120. Rd5+ Ke4 121. Rd8 Rg6 122. Re8+ Kf5 123.
Rd8 Ke5 124. Rd5+ Ke6 125. Rd8 Ke7 126. Rd5 Rh6 127. Kc2 Rh3 128. Rd1 Rh4 129.
Kc3 Ke6 130. Rd8 Ke7 131. Rd1 Re4 132. Kc2 Ke6 133. Rd8 Ke7 134. Rd5 Re3 135.
Rd1 Re6 136. Rd5 Kf6 137. Kc3 Ke7 138. Kc2 Rd6 139. Rxd6 Kxd6 140. Kd2 Ke6 141.
Ke2 Kf6 142. Kf2 Kg5 143. Kg3 Kf5 144. Kf3 Ke5 145. Ke3 Kf5 146. Kf3 1/2-1/2

[Event "European Rapid 2017"]
[Site "Katowice POL"]
[Date "2017.12.17"]
[Round "8.94"]
[White "Brozyna, Mateusz"]
[Black "Brazdzionis, Andrius"]
[Result "1/2-1/2"]
[WhiteElo "2108"]
[BlackElo "2293"]
[WhiteFideId "21816140"]
[BlackFideId "12804479"]
[EventDate "2017.12.16"]

1. e4 c5 2. Nf3 g6 3. d4 cxd4 4. Nxd4 Bg7 5. c4 Nc6 6. Nc2 d6 7. Be2 Nf6 8. Nc3
O-O 9. O-O Bd7 10. Be3 Rc8 11. f3 Be6 12. Qd2 b6 13. Rac1 Nd7 14. Rfd1 Kh8 15.
Bh6 Nde5 16. Bxg7+ Kxg7 17. Ne3 Nd7 18. f4 Nf6 19. Bf3 Na5 20. b3 Qc7 21. Ncd5
Bxd5 22. cxd5 Qb8 23. g4 Nd7 24. g5 Rxc1 25. Rxc1 f6 26. b4 Nb7 27. Bg4 Qd8 28.
Be6 h6 29. gxh6+ Kxh6 30. Qg2 Rh8 31. Qg4 Nf8 32. f5 g5 33. Bc8 b5 34. Rc6 Nd7
35. Bxb7 Ne5 36. Qe2 Nxc6 37. Bxc6 Qb6 38. Kg2 Kg7 39. Bxb5 Rh4 40. Qd3 a6 41.
Bxa6 Qxb4 42. Bc4 Qb2+ 43. Qe2 Qe5 44. Ng4 Qc3 45. Nf2 Qe5 46. h3 Qa1 47. Qd3
Rf4 48. Qg3 Qc1 49. Bd3 Qd2 50. a3 Rxf2+ 51. Qxf2 Qxd3 52. Qf3 Qd2+ 53. Kg3 Qe1+
54. Kg2 Qd2+ 55. Kf1 Qc1+ 56. Ke2 Qc2+ 57. Kf1 Qc1+ 58. Kf2 Qd2+ 59. Qe2 Qf4+
60. Kg2 Qc1 61. a4 Qa1 62. Qc2 Kh6 63. Kh2 Qe5+ 64. Kg2 Qa1 65. h4 gxh4 66. Qd2+ 1/2-1/2

[Event "European Rapid 2017"]
[Site "Katowice POL"]
[Date "2017.12.17"]
[Round "8.95"]
[White "Gazik, Viktor"]
[Black "Madrawski, Krzysztof"]
[Result "1-0"]
[WhiteTitle "IM"]
[WhiteElo "2479"]
[BlackElo "2052"]
[WhiteFideId "14928752"]
[BlackFideId "1163973"]
[EventDate "2017.12.16"]

1. Nf3 Nf6 2. g3 b6 3. Bg2 Bb7 4. O-O c5 5. d3 d5 6. c3 Nc6 7. a3 a5 8. a4 e5 9.
Bg5 Be7 10. Bxf6 Bxf6 11. Na3 O-O 12. e4 dxe4 13. dxe4 Ba6 14. Re1 Qc7 15. Bf1
Bxf1 16. Kxf1 Rad8 17. Qe2 Be7 18. Kg2 Rd7 19. Qb5 Na7 20. Qb3 Nc8 21. Nc4 Bf6
22. h4 Rfd8 23. Rad1 g6 24. Rxd7 Rxd7 25. h5 Rd3 26. Ne3 gxh5 27. Nd5 Qc6 28.
Qb5 Qxb5 29. Nxf6+ Kg7 30. Nxh5+ Kh6 31. axb5 Kxh5 32. Rh1+ Kg6 33. Nxe5+ 1-0